| 000 | 00776nam a2200229Ia 4500 | ||
|---|---|---|---|
| 005 | 20250508155641.0 | ||
| 008 | 008 250505s9999 xx 000 0 eng d | ||
| 037 | _aTextual | ||
| 040 |
_aFEDL _beng _cFEDL |
||
| 041 |
_aeng _2eng |
||
| 084 |
_a371.42, PAS _qFEDL |
||
| 100 |
_aPasricha P. _9767203 |
||
| 245 | 0 | _aHand book for developing guidance services in secondary schools. | |
| 245 | 0 | _cMaharaja Sayajirao University of Baroda | |
| 260 |
_aBaroda, India _bFaculty of Education and Psychology _c1964 |
||
| 300 | _a44p. | ||
| 546 | _aCentre of advanced study in educational psychology | ||
| 650 |
_aEducational - Guideance and Counseling _9757599 |
||
| 700 |
_a Schreck T. C. _9767204 |
||
| 942 |
_cTEXL _h371.42, PAS |
||
| 999 |
_c1358517 _d1358517 |
||